000 04330cam a22006734i 4500
001 u162974
003 PE-LiUPU
005 20250731172854.0
008 150127s2015 miu b 001 0 eng
020 _a1940980097
020 _a9781940980096
035 _a(Sirsi) i9781940980096
040 _aDLC
_beng
_erda
_cDLC
_dOCLCF
_dKAT
_dIGR
_dLMR
_dBSC
_dLNT
_dCDX
_dZID
_dZCU
_dYDXCP
_dRCT
_dNKM
_dOCLCO
_dGGB
_dOCLCQ
_dGUA
_dYUS
_dPE-LiUPU
049 _aPRUA
050 0 0 _aBS651
_b.G45 2015
082 0 0 _a222.1106
_bG3
_223
082 0 4 _a222.1106
_bK62 2015
100 1 _aKlingbeil, Gerald A.
_eautor.
245 0 4 _aThe Genesis creation account and its reverberations in the Old Testament /
_cedited by Gerald A. Klingbeil.
264 1 _aBerrien Springs, Michigan :
_bAndrews University Press,
_c[2015]
300 _axii, 395 pages ;
_c23 centimeters.
336 _atext
_2rdacontent
337 _aunmediated
_2rdamedia
338 _avolume
_2rdacarrier
490 1 _a"Creation in the Bible" series
504 _aIndexes : pages 375-395.
505 0 _aIntroduction / Gerald A. Klingbeil -- The unique cosmology of Genesis 1 against ancient Near Eastern and Egyptian parallels / Gerhard F. Hasel and Michael G. Hasel -- The myth of the solid heavenly dome : another look at the Hebrew [raqia] / Randall W. Younker and Richard M. Davidson -- The Genesis account of origins / Richard M. Davidson -- Creation revisited : echoes of Genesis 1 and 2 in the Pentateuch / Paul Gregor -- The creation theme in Psalm 104 / Richard M. Davidson -- The creation theme in selected Psalms / Alexej Muráň -- Genesis and creation in the Wisdom literature / Ángel M. Rodríguez -- Creation in the prophetic literature of the Old Testament : an intertextual approach / Martin G. Klingbeil -- Biblical creationism and ancient Near Eastern evolutionary ideas / Ángel M. Rodríguez -- "When death was not yet" : the testimony of biblical creation / Jacques B. Doukhan.
526 _aSEG42
526 _aSEG41
526 _aSEG40
526 _aSEG39
526 _aP94
526 _aP87
526 _aP86
526 _aP85
526 _aP77
526 _aP76
526 _aP35
596 _a1 2 4
650 0 0 _aCosmología bíblica.
650 0 _aBiblia.
_pA.T.
_pGénesis
_xInfluencia
650 0 _aBiblia.
_pA.T.
_xCrítica, interpretación, etc.
700 1 _aKlingbeil, Gerald A.,
_eeditor.
910 _ajck
_bncf
_cncf
_d20160812
942 _2ddc
_cBOOK
994 _aC0
_bPEPRU
949 _a222.1106 G3
_wDEWEY
_c1
_i74340
_d2018-5-20
_f2018-2-8
_g3
_lCCODEBUL1
_mBUL
_p23.49
_q1
_r0
_sY
_tBOOK
_u2016-8-12
_xTEOLOGIA
_PP35
_0COMPRA
_o.STAFF. Colección General
949 _a222.1106 G3
_wDEWEY
_c2
_i74341
_d2018-4-1
_e2016-10-11
_f2018-2-8
_g3
_lCCODEBUL1
_mBUL
_n2
_p23.49
_q3
_r0
_sY
_tBOOK
_u2016-8-12
_xTEOLOGIA
_PP35
_0COMPRA
_o.STAFF. Colección Teología
949 _a222.1106 K62 2015
_wATDEWEY
_c1
_iFT00125
_lCCODEBUT1
_mBUT
_p{Dolar}25.00
_r0
_sY
_tBOOK
_u2018-5-28
_xBIBLIOTECA
_zUNKNOWN
_0COMPRA
_o.STAFF. Coleccion general Tarapoto
949 _a222.1106 K62 2015
_wATDEWEY
_c2
_iFT03543
_lCCODEBUT1
_mBUT
_p{Dolar}25.00
_r0
_sY
_tBOOK
_u2018-5-28
_xBIBLIOTECA
_zUNKNOWN
_0COMPRA
_o.STAFF. Coleccion general Tarapoto
949 _aBS651 .G45 2015
_wDEWEY
_c1
_iCW00172
_lCIAE7
_mBWL
_r0
_sY
_tBOOK
_u2017-2-16
_xWHITE
_zUNKNOWN
_0COMPRA
_o.STAFF. Centro White
999 _a222.1106 G3
_wDEWEY
_c11884
_i74340
_d11884
_f2021-11-9
_g6
_lCCODEBUL1
_mBUL
_p23.49
_q1
_r0
_sY
_tBOOK
_u2016-8-12
_xTEOLOGIA
_PP35
_0COMPRA
_o.STAFF. Colección General
999 _a222.1106 G3
_wDEWEY
_c2
_i74341
_d2018-4-1
_e2016-10-11
_f2021-11-9
_g6
_lCCODEBUL1
_mBUL
_n2
_p23.49
_q3
_r0
_sY
_tBOOK
_u2016-8-12
_xTEOLOGIA
_PP35
_0COMPRA
_o.STAFF. Colección Teología
999 _a222.1106 G3 2015
_wDEWEY
_c1
_iCW00172
_f2021-12-22
_g2
_lCCODECWL1
_mBWL
_r0
_sY
_tBOOK
_u2017-2-16
_xWHITE
_zUNKNOWN
_0COMPRA
_o.STAFF. Centro White
999 _a222.1106 K62 2015
_wATDEWEY
_c1
_iFT00125
_f2019-2-20
_g1
_lCCODEBUT1
_mBUT
_p25.00
_r0
_sY
_tBOOK
_u2018-5-28
_xBIBLIOTECA
_zUNKNOWN
_0COMPRA
_o.STAFF. Coleccion general
999 _a222.1106 K62 2015
_wATDEWEY
_c2
_iFT03543
_f2019-2-20
_g1
_lCCODEBUT1
_mBUT
_p25.00
_r0
_sY
_tBOOK
_u2018-6-5
_xBIBLIOTECA
_zUNKNOWN
_0COMPRA
_o.STAFF. Colección general
980 _81
_gALBERTO SANCHEZ Responsable de Automatización